Video Game by Picture #1 - Statistics

General Stats
  • This quiz has been taken 22 times
  • The average score is 27 of 55
Answer Stats
Picture Answer % Correct
Donkey Kong
100%
Mario Bros.
100%
Pacman
100%
Super Mario Bros.
100%
Pong
94%
Oregon Trail
88%
Mario Kart
82%
Sonic The Hedgehog
82%
Space Invaders
82%
Mortal Kombat
76%
Street Fighter
76%
Mega Man
71%
Super Mario Bros. 2
71%
Legend of Zelda
65%
Metroid
65%
Super Mario 64
65%
Super Mario World
65%
Super Mario World 2: Yoshi's Island
65%
Asteroids
59%
Q*bert
59%
Rayman
59%
Star Fox
59%
The Sims
59%
Donkey Kong Country
53%
Doom
47%
Paper Mario
47%
Super Mario Bros. 3
47%
Earthbound
41%
Sonic The Hedgehog 2
41%
Super Smash Bros.
41%
The Legend Of Zelda: Ocarina Of Time
41%
Breakout
35%
DuckTales
35%
Excitebike
35%
Galaga
35%
Kid Icarus
35%
Kirby's Dream Land
35%
Legend Of Zelda: Majora's Mask
35%
Super Mario RPG
35%
Legend Of Zelda: A Link To The Past
29%
PaRappa The Rapper
29%
Banjo-Kazooie
24%
Mother
24%
NBA Jam
24%
Resident Evil
24%
Super Mario Land
24%
Centipede
18%
Ice Climber
18%
Kirby Super Star
18%
Mario Kart 64
18%
Donkey Kong 64
12%
GoldenEye 007
12%
Kirby's Adventure
12%
Sam & Max Hit The Road
12%
SimCity 2000
12%
No matching quizzes found
Score Distribution
Percent of People with Each Score
Percentile by Number Answered
Your Score History
You have not taken this quiz